| 000 | 00781nam a2200277Ia 4500 | ||
|---|---|---|---|
| 001 | Para_5290 | ||
| 003 | CHAP | ||
| 008 | 220125s1916 xx 000 0 und d | ||
| 010 | _a203820 | ||
| 040 | _cCHAP | ||
| 090 | _aPA FOLLETO 2631 | ||
| 100 |
_aBell, G. A. _911358 |
||
| 245 |
_aFeeding horses / _c G. A. Bell and J. O. Williams |
||
| 260 |
_aWashington : _b Department of Agriculture |
||
| 300 | _a24 p. | ||
| 440 |
_aEUA. Dept. of Agriculture Farmers' bull.; 1030 _9169736 |
||
| 650 |
_aGanado caballar _x Alimentación _944968 |
||
| 700 |
_aWilliams, J. O. _9122066 |
||
| 901 | _aPA FOLLETO 2631 | ||
| 902 | _aA | ||
| 905 | _a0000001916 WAS 0000000000 00 | ||
| 910 | _a1916 | ||
| 942 | _cPARA | ||
| 942 |
_cPARA _d1 |
||
| 999 |
_c203820 _d203820 |
||